000 00471nam a2200157 i 4500
001 130335
003 ES-MaACL
005 20230906193718.0
007 t|
008 070725s1968 sp ||||1| spa d
100 1 _aZamanillo González-Camino, Matilde.
_9117892
245 1 3 _aLa marina de la paz... /
_cMatilde Zamanillo G. Camino.
260 _aSantander :
_b[s.n.],
_c1968 (
_fTip. Casas Cuevas)
300 _a73 p. ;
_c21 cm.
852 _aES-MaACL
_jC-36976
_bR.68073
999 _c130335
_d130335